Brontosaurus / (Record no. 110162)
[ view plain ]
| 000 -LEADER | |
|---|---|
| fixed length control field | 00693nam a2200193 a 4500 |
| 001 - CONTROL NUMBER | |
| control field | 0879 |
| 005 - DATE AND TIME OF LATEST TRANSACTION | |
| control field | 20140414131850.0 |
| 008 - FIXED-LENGTH DATA ELEMENTS--GENERAL INFORMATION | |
| fixed length control field | 041004s19uu xx 00 eng d |
| 020 ## - INTERNATIONAL STANDARD BOOK NUMBER | |
| International Standard Book Number | 0-86592-111-3 |
| 050 ## - LIBRARY OF CONGRESS CALL NUMBER | |
| Classification number | M 567.9 |
| Item number | Sh3 1981 |
| 100 ## - MAIN ENTRY--PERSONAL NAME | |
| Personal name | Sheehan, Angela |
| 245 ## - TITLE STATEMENT | |
| Title | Brontosaurus / |
| Statement of responsibility, etc | by Angela Sheehan ; illustrated by Colin Newman. |
| 260 ## - PUBLICATION, DISTRIBUTION, ETC. (IMPRINT) | |
| Place of publication, distribution, etc | Illinois : |
| Name of publisher, distributor, etc | Ray Rourke Pub., |
| Date of publication, distribution, etc | 1981. |
| 300 ## - PHYSICAL DESCRIPTION | |
| Extent | 21 p. : ill. ; cm. |
| 520 ## - SUMMARY, ETC. | |
| Summary, etc | Follows the path of a young brontosaurus over several days as he forages for leaves, mates, avoids a flesh-eating allosaurus, and escapes from forest fire. |
| 650 ## - SUBJECT ADDED ENTRY--TOPICAL TERM | |
| Topical term or geographic name as entry element | Brontosaurus |
| General subdivision | Juvenile literature. |
| 650 ## - SUBJECT ADDED ENTRY--TOPICAL TERM | |
| Topical term or geographic name as entry element | Dinosaurs. |
| Withdrawn status | Lost status | Damaged status | Use restrictions | Home library | Current library | Shelving location | Date acquired | Source of acquisition | Total Checkouts | Full call number | Barcode | Date last seen | Price effective from | Koha item type |
|---|---|---|---|---|---|---|---|---|---|---|---|---|---|---|
| Munich Library | Munich Library | Main Section | 10/04/2004 | M 567.9 Sh3 1981 | M0465 | 04/14/2014 | 04/14/2014 | Books |